Statistics for Movies of 2013

Click here to take the quiz!

General Stats

  • This quiz has been taken 3 times
  • The average score is 3 of 35

Answer Stats

StarMovie% Correct
Robert Downey Jr.Iron Man 3
100%
Tom HanksCaptain Phillips
33%
Steve CarellDespicable Me 2
33%
Kristen BellFrozen
33%
Jennifer LawrenceThe Hunger Games: Catching Fire
33%
Hugh JackmanThe Wolverine
33%
Bruce WillisA Good Day to Die Hard
0%
Bill HaderCloudy With a Chance of Meatballs 2
0%
Matt DamonElysium
0%
BeyonceEpic
0%
Vin DieselFast & Furious 6
0%
Bruce WillisG.I. Joe: Retaliation
0%
George ClooneyGravity
0%
Adam SandlerGrown Ups 2
0%
Jeremy RennerHansel & Gretel: Witch Hunters
0%
Nicholas HoultJack the Giant Slayer
0%
Henry CavillMan of Steel
0%
Billy CrystalMonsters University
0%
Jesse EisenbergNow You See Me
0%
Tom CruiseOblivion
0%
Gerard ButlerOlympus Has Fallen
0%
James FrancoOz the Great and Powerful
0%
Charlie HunnamPacific Rim
0%
Logan LermanPercy Jackson: Sea of Monsters
0%
Chris PineStar Trek Into Darkness
0%
Vera FarmingaThe Conjuring
0%
Ryan ReynoldsThe Croods
0%
Leonardo DiCaprioThe Great Gatsby
0%
Zach GalifianakisThe Hangover Part III
0%
Ian McKellenThe Hobbit: The Desolation of Smaug
0%
Katy PerryThe Smurfs 2
0%
Leonardo DiCaprioThe Wolf of Wall Street
0%
Chris HemsworthThor: The Dark World
0%
Ryan ReynoldsTurbo
0%
Brad PittWorld War Z
0%

Score Distribution

Percentile by Number Answered

Percent of People with Each Score

Your Score History

You have not taken this quiz